|
|
|
|
| LEADER |
00000nam0a2200000 4500 |
| 001 |
131153 |
| 005 |
20231101220304.0 |
| 035 |
|
|
|a (RuTPU)RU\TPU\book\142048
|
| 090 |
|
|
|a 131153
|
| 100 |
|
|
|a 20080213d1980 m y0rusy50 ca
|
| 101 |
0 |
|
|a rus
|
| 102 |
|
|
|a UA
|
| 105 |
|
|
|a y z 001zy
|
| 200 |
1 |
|
|a Общественное производство: динамика ,тенденции, модели
|f А. С. Емельянов
|g Научно-исследовательский экономический институт, Госплан УССР
|
| 210 |
|
|
|a Киев
|c Наукова думка
|d 1980
|
| 215 |
|
|
|a 428 с.
|
| 320 |
|
|
|9 572
|a Библиография в ссылках
|
| 320 |
|
|
|9 572
|a Предметный указатель: с. 419-423
|
| 320 |
|
|
|9 572
|a Имен. указ.: с 424-425
|
| 606 |
1 |
|
|a Украина
|x Экономика
|2 stltpush
|3 (RuTPU)RU\TPU\subj\37146
|9 58276
|
| 610 |
1 |
|
|a общественное производство
|
| 610 |
1 |
|
|a экономический потенциал
|
| 610 |
1 |
|
|a трудовые ресурсы
|
| 610 |
1 |
|
|a капитальные вложения
|
| 610 |
1 |
|
|a динамика
|
| 610 |
1 |
|
|a материальные ресурсы
|
| 610 |
1 |
|
|a материалоемкость
|
| 610 |
1 |
|
|a материальные балансы
|
| 610 |
1 |
|
|a экономическое развитие
|
| 610 |
1 |
|
|a моделирование
|
| 686 |
|
|
|a У9(4Ук)
|2 rubbk
|
| 700 |
|
1 |
|a Емельянов
|b А. С.
|g Александр Сергеевич
|
| 712 |
0 |
2 |
|a Научно-исследовательский экономический институт
|b Госплан УССР
|2 stltpush
|3 (RuTPU)RU\TPU\col\13732
|9 25765
|
| 801 |
|
1 |
|a RU
|b 63413507
|c 20070821
|g PSBO
|
| 801 |
|
2 |
|a RU
|b 63413507
|c 20210427
|g PSBO
|
| 942 |
|
|
|c BK
|